000 00636nam a2200241Ia 4500
005 20260430150429.0
008 008 250103s9999 xx 000 0 eng d
037 _aTheses
040 _aCRL
040 _beng
040 _ceng
041 _2eng
041 _aeng
084 _qCRL
100 _aNotup Tenzen Au.; Rao K.S. Gu.
_91237482
245 0 _aEcophysiology and Nutritional Potential of Staple Crops of Trans Himalaya Regions
260 _c2023
300 _a264p.
650 _aBotany
700 _aUniversity of Delhi. Faculty of Science. Deptt.of Botany
_91237479
942 _cTH
999 _c1849760
_d1849760